| 000 | 01191nam a2200313 4500 | ||
|---|---|---|---|
| 999 |
_c7788 _d7788 |
||
| 001 | 7788 | ||
| 003 | BD - JhCC | ||
| 005 | 20180723200524.0 | ||
| 008 | 740612s1974 enka bs 101 0 eng | ||
| 035 | _a(BD - JhCC)7788 | ||
| 035 | _a(OCoLC)00951258 | ||
| 035 | _aGLIS00002067 | ||
| 040 |
_aDLC _cDLC _dMYG _dBD - JhCC |
||
| 041 | _aeng | ||
| 050 | 0 |
_aHC256.6 _b.B727 |
|
| 082 |
_bBRI 1974 _a914.2 |
||
| 099 | _aHC256.6.B727 | ||
| 245 | 0 | 0 |
_aBritain : _ban official Handbook / _c Great Britain. Central Office of Information |
| 260 |
_a[London] _bLongman _c[1974] |
||
| 300 |
_axii, 298 p. _billus. _c23 cm. |
||
| 500 | _aPapers read at a conference entitled Britain: the new EEC opportunity, held at Peterlee in March, 1973 and sponsored by the London Graduate School of Business and the Manchester Business School. | ||
| 504 | _aIncludes bibliographical references. | ||
| 610 | 2 | 0 |
_aEuropean Economic Community _zGreat Britain |
| 651 | 0 |
_aGreat Britain _xEconomic conditions _y1945-1964 _vCongresses. |
|
| 651 | 0 |
_aGreat Britain _xCommerce _vCongresses. |
|
| 710 | _a Great Britain. Central Office of Information | ||
| 942 |
_2ddc _cBK |
||